Svetová geografia na písmeno F - Statistics

General Stats
  • This quiz has been taken 3 times
  • The average score is 15 of 20
Answer Stats
Opis geografického pojmu Odpoveď % Correct
Ostrovy v Atlantickom oceáne ktoré sú autonómnym regiónom Dánska Faerské
100%
Ostrovy pri pobreží Južnej Ameriky o ktoré viedli v roku 1982 vojnu Argentína a Spojené Kráľovstvo Falklandy
100%
Ostrovný štát v Tichom oceáne s hlavným mestom Suva Fidži
100%
Záliv v Baltskom mori na ktorého brehu ležia mestá Helsinki, Tallinn alebo Petrohrad Fínsky
100%
Typ morského zálivu typický pre pobrežie Nórska Fjord
100%
Mesto v Taliansku považované za kolísku renesancie Florencia
100%
Štát USA ktorého názov pochádza zo španielskeho označenia prídavného mena "kvetinový" Florida
100%
Zmeňte jednu samohlásku v predchádzajúcej odpovedi a dostanete hlavné mesto štátu USA Kentucky Frankfort
100%
Mesto v ktorom sa nachádza najrušnejšie letisko Nemecka Frankfurt
100%
Najvyššia hora Japonska Fudži
100%
Mesto v severnom Maroku ktorého názov tvoria 3 písmená Fez
67%
Súostrovie ktorého najväčší ostrov sa nazýva Luzon Filipíny
67%
Jeden z troch oficiálnych regiónov Belgicka Flámsko
67%
Hlavné mesto afrického štátu Sierra Leone Freetown
67%
Hlavné mesto portugalského ostrova Madeira v ktorom sa v roku 1985 narodil futbalista Cristiano Ronaldo Funchal
67%
Doplňte názov súostrovia v Tichom oceáne Wallis a ........ Futuna
67%
Iný názov pre ostrov Taiwan a takisto mesto v Argentíne Formosa
33%
Štvrté najväčšie mesto Brazílie ležiace na severovýchode krajiny Fortaleza
33%
Provincia v Holandsku nachádzajúca sa na severe krajiny Frízsko
33%
Ostrov na ktorom sa nachádza dánske mesto Odense Fyn
33%
No matching quizzes found
Score Distribution
Percent of People with Each Score
Percentile by Number Answered
Your Score History
You have not taken this quiz